000 01245cam a22003977a 4500
001 000003121
003 CHAP
005 20220329133159.0
008 971013s1990 r 00010 d
010 _a3072
011 _a4044
020 _a9682433894
035 _a3245
040 _cCHAP
082 _a501
_bP33 1990
100 0 0 _aPadilla, Hugo.
_984677
245 1 3 _aEl pensamiento científico /
_cpor Hugo Padilla.
250 _a3 ed.
260 _aMéxico, D. F. :
_bTrillas,
_c1990.
300 _a317 p.
490 0 _aSerie temas básicos.
_pArea metodología de la ciencia
_v; 6
500 _aD48-130
590 _aBATCH-UPD
_b10
_c20130110
_lUCH01
_h1740
590 _aBATCH-UPD
_b10
_c20130410
_lUCH01
_h1120
590 _aBATCH-UPD
_b10
_c20130914
_lUCH01
_h0934
590 _aCONVERSION
_b10
_c20130109
_lUCH01
_h1303
590 _aE11695DGD
_b10
_c20171113
_lUCH01
_h1200
590 _aE5765TAJ
_b05
_c20171113
_lUCH01
_h1111
650 1 4 _aCiencia
_xFilosofía.
_923124
650 1 4 _aCiencia
_xMetodología.
_923129
830 0 _aSerie temas básicos.
_pArea metodología de la ciencia
_v; 6
_9105051
901 _aBK
942 _cLIBRO
942 _n0
949 _a501 P33 1990
_bBC
_cLIBRO
_d33724000124582
_eLIBRO
_h80479
_i3245
_mD
_si
999 _c3072
_d3072